Statistics for Most Populous Countries (in 2100)

Click here to take the quiz!

General Stats

  • This quiz has been taken 35 times
    (16 since last reset)
  • The average score is 22 of 25

Answer Stats

Population (2100)Country% Correct
180,682,000Bangladesh
100%
1,064,993,000China
100%
224,735,000Egypt
100%
1,447,025,000India
100%
205,225,000Niger
100%
793,942,000Nigeria
100%
407,017,000Pakistan
100%
123,646,000Russia
100%
434,041,000United States
100%
200,147,000Brazil
93%
394,041,000D. R. Congo
93%
360,782,000Indonesia
93%
169,008,000Mexico
93%
107,711,000Afghanistan
80%
156,196,000Kenya
80%
151,393,000Philippines
80%
289,529,000Tanzania
80%
173,568,000Uganda
80%
188,283,000Angola
73%
306,025,000Ethiopia
73%
111,503,000Iraq
73%
164,947,000Sudan
73%
115,628,000Cameroon
67%
126,142,000Mali
67%
142,302,000Mozambique
67%

Score Distribution

Percentile by Number Answered

Percent of People with Each Score

Your Score History

You have not taken this quiz since the last reset